|
|
|
|
| LEADER |
00000nam0a2200000 4500 |
| 001 |
103516 |
| 005 |
20260128155523.0 |
| 010 |
|
|
|a 595242001X
|
| 035 |
|
|
|a (RuTPU)RU\TPU\book\111607
|
| 090 |
|
|
|a 103516
|
| 100 |
|
|
|a 20061018d2006 km y0rusy50 ca
|
| 101 |
1 |
|
|a rus
|c eng
|
| 102 |
|
|
|a RU
|
| 105 |
|
|
|a y z 000zd
|
| 200 |
1 |
|
|a Скрытые корни русской революции. Отречение великой революционерки 1873-1920
|e пер. с англ. Л. А. Игоревского
|f Е. К. Брешко-Брешковская
|
| 210 |
|
|
|a Москва
|c Центрполиграф
|d 2006
|
| 215 |
|
|
|a 336 с.
|
| 225 |
1 |
|
|a Свидетели эпохи
|
| 330 |
|
|
|a Воспоминания русской революционерки, сподвижницы Кропоткина, Чайковского, Желябова, Перовской и Синегуба, аристократки, вместе с единомышленниками «пошедшей в народ», охватывают период с 1873-го по 1920 год. Брешковская рассказывает о том, как складывалось революционное движение, об известных революционерах, с которыми она общалась в заключении. Она не только констатирует факты, но и с не угасшей революционной страстью осуждает политику большевиков, приведших страну в тупик после 1917 года.
|
| 600 |
|
1 |
|a Брешко-Брешковская
|b Е. К.
|c политический деятель
|f 1844-1934
|g Екатерина Константиновна
|2 stltpush
|3 (RuTPU)RU\TPU\pers\19471
|
| 606 |
|
|
|a Революционное движение в России
|x История
|z 1855-1917
|9 81928
|
| 610 |
1 |
|
|a Россия
|
| 610 |
1 |
|
|a 19 век
|
| 610 |
1 |
|
|a 20 век
|
| 610 |
1 |
|
|a народничество
|
| 610 |
1 |
|
|a чайковцы
|
| 610 |
1 |
|
|a штундисты
|
| 610 |
1 |
|
|a Первая русская революция 1905-1907
|
| 610 |
1 |
|
|a Февральская революция
|
| 610 |
1 |
|
|a Октябрьская революция 1917
|
| 610 |
1 |
|
|a крестьяне
|
| 610 |
1 |
|
|a интеллигенция
|
| 686 |
|
|
|a Т3(2)522/53
|2 rubbk
|
| 700 |
|
1 |
|a Брешко-Брешковская
|b Е. К.
|c политический деятель
|f 1844-1934
|g Екатерина Константиновна
|3 (RuTPU)RU\TPU\pers\19471
|4 070
|
| 801 |
|
1 |
|a RU
|b 63413507
|c 20061018
|g PSBO
|
| 801 |
|
2 |
|a RU
|b 63413507
|c 20070609
|g PSBO
|
| 942 |
|
|
|c BK
|